000 00350nam a2200133Ia 4500
008 240624s9999 xx 000 0 und d
041 _aeng
082 _a378.101 ALT
100 _aALTMANN ANDREAS
245 _aUNIVERSITIES IN CHANGE MANAGING HIGHER E
260 _c2013
_aLondon
_bSpringer
300 _axv, : 369 : p. : cm. ; 24
365 _cERU
_b28
999 _c23771
_d23771